[Event "Sala op"]
[Site "Sala"]
[Date "1995.??.??"]
[Round "8"]
[White "Pribyl, Martin"]
[Black "Zontakh, Andrey"]
[Result "1/2-1/2"]
[WhiteElo "2335"]
[BlackElo "2460"]

1.e4 c5 2.Nf3 Nc6 3.Nc3 d6 4.d4 cxd4 5.Nxd4 Nf6 6.Be3 e5 7.Nb3 Be7 8.f3 Be6
9.Qd2 O-O 10.O-O-O a5 11.a4 Nb4 12.g4 Rc8 13.Bb5 Nd7 14.Kb1 Qc7 15.Qf2 Rfd8
16.h4 Nc5 17.Nxc5 dxc5 18.g5 b6 19.Rdg1 Nc6 20.Bxc6 Qxc6 21.g6 fxg6 22.h5 Bf7
23.h6 Bf6 24.hxg7 h5 25.Bg5 Rd7 26.Bxf6 Qxf6 27.Qe3 Kh7 28.Qg5 Qxg5 29.Rxg5 Re8
30.Rhg1 Rd6 31.Kc1 Rf6 32.R1g3 Kxg7 33.Kd2 Rd6+ 34.Ke3 Kf6 35.Nd5+ Kg7 36.Nc7 Re7
37.Nb5 Rd1 38.Rxh5 Rb1 39.b3 c4 40.bxc4 Kf6 41.Rhg5 Re1+ 42.Kd2 Ra1 43.Nc3 Kg7
44.Nd5 Re6 45.Kc3 Rxa4 46.Kb3 Ra1 47.Rg1 Rxg1 48.Rxg1 Rc6 49.Rg5 Re6 50.Kc3 Kh6
51.Rg1 Rc6 52.Kd3 g5 53.Rb1 Kg7 54.Rg1 Rg6 55.Rb1 Rc6 56.Rg1 Kh6  1/2-1/2

[Event "San Luis Clarin GP"]
[Site "San Luis"]
[Date "1995.??.??"]
[Round "6"]
[White "Panelo, Marcelo"]
[Black "Scarella, Enrique"]
[Result "1-0"]
[WhiteElo "2195"]
[BlackElo "2380"]

1.e4 c5 2.Nf3 Nc6 3.Nc3 d6 4.d4 cxd4 5.Nxd4 Nf6 6.Bg5 a6 7.Qd2 Nxd4 8.Qxd4 e5
9.Qd2 Be6 10.Bxf6 gxf6 11.Bd3 Qa5 12.O-O Be7 13.f4 exf4 14.Qxf4 O-O-O 15.Rae1 Qe5
16.Nd5 Bf8 17.Qd2 Rg8 18.Qa5 Qd4+ 19.Kh1 Qc5 20.Qd2 Rg5 21.b4 Qd4 22.b5 axb5
23.Qa5 Bxd5 24.exd5 Qg4 25.Be4 Re5 26.h3 Qd7 27.Bd3 f5 28.Rxe5  1-0

[Event "San Salvador zt"]
[Site "San Salvador"]
[Date "1995.??.??"]
[Round "?"]
[White "Rohl, Juan"]
[Black "Espinosa, Rafael"]
[Result "1/2-1/2"]
[WhiteElo "2325"]
[BlackElo "2420"]

1.e4 c5 2.Nc3 Nc6 3.Nf3 e6 4.Bb5 Nge7 5.O-O Nd4 6.Nxd4 cxd4 7.Ne2 a6 8.Ba4 b5
9.Bb3 Qb6 10.c3 Bb7  1/2-1/2

[Event "Santiago op"]
[Site "Santiago"]
[Date "1995.??.??"]
[Round "?"]
[White "Paredes, Alejandro"]
[Black "Boudenne, Jean"]
[Result "0-1"]
[WhiteElo "2200"]
[BlackElo "2240"]

1.e4 c5 2.Nc3 Nc6 3.Nf3 g6 4.d4 cxd4 5.Nxd4 Bg7 6.Be3 d6 7.Bc4 Nf6 8.h3 O-O
9.Bb3 Nxd4 10.Bxd4 b5 11.O-O Bb7 12.Bd5 Qd7 13.Re1 e5 14.Be3 b4 15.Bxb7 Qxb7
16.Nd5 Nxe4 17.Qd3 Nc5 18.Bxc5 dxc5 19.Rad1 Rac8 20.Qe4 Kh8 21.Qh4 f5 22.Re2 Rf7
23.Red2 c4 24.Ne7 Rxe7 25.Rd8+ Re8 26.R1d7 Qc6 27.Rd6 Qc5 28.R8d7 Rc7 29.Rd5 Qc6
30.R5d6 Qxd7 31.Rxd7 Rxd7 32.Qxc4 a5 33.Qb5 Rd1+ 34.Kh2 Ra8 35.c4 bxc3 36.bxc3 e4
37.c4 Rdd8 38.a4 Rdc8 39.h4 Rc7 40.h5 Rac8 41.Qxa5 Rxc4 42.Qd2 Rxa4 43.h6 Be5+
44.g3 Rac4 45.Qd5 R4c5 46.Qd7 R5c7 47.Qe6 Bd4 48.g4 fxg4 49.Qxe4 Bc3 50.Qxg4 Rf8
51.Qg3 Rc5 52.Qe3 Rh5+ 53.Kg2 Be5 54.f3 Rhf5 55.Qe4 Bf4  0-1

[Event "Schwaebisch Gmuend op"]
[Site "Schwaebisch Gmuend"]
[Date "1995.??.??"]
[Round "?"]
[White "Galdunts, Sergey"]
[Black "Mueller, Ralf"]
[Result "1-0"]
[WhiteElo "2475"]
[BlackElo "2285"]

1.e4 c5 2.Nc3 Nc6 3.Nge2 g6 4.d4 cxd4 5.Nxd4 Bg7 6.Be3 Nf6 7.Bc4 O-O 8.Bb3 a5
9.a4 Ng4 10.Nxc6 dxc6 11.Qxd8 Rxd8 12.Bb6 Re8 13.f3 Ne5 14.O-O-O Nd7 15.Be3 e5
16.Nb1 Bf8 17.Bc4 Bc5 18.Rhe1 Bxe3+ 19.Rxe3 Nc5 20.b3 Kf8 21.Na3 Ke7 22.Rc3 Ne6
23.Bf1 f6 24.Nc4 Bd7 25.Nb6 Rad8 26.Nc4 Ra8 27.Nb6 Rad8 28.Rd2 Nd4 29.Nc4 Ra8
30.f4 Rf8 31.Nb6 Rad8 32.Rc5 Be6 33.Rxa5 Kd6 34.Nc4+ Kc7 35.fxe5 fxe5 36.Bd3 Bxc4
37.Bxc4 b5 38.axb5 cxb5 39.Bd5 Kb6 40.b4 Rf1+ 41.Kb2 Nc6 42.Rxb5+  1-0

[Event "Asia-chT"]
[Site "Singapore"]
[Date "1995.??.??"]
[Round "5"]
[White "Iuldachev, Saidali"]
[Black "Cao Sang"]
[Result "1-0"]
[WhiteElo "2475"]
[BlackElo "2420"]

1.e4 c5 2.Nc3 Nc6 3.Nf3 g6 4.d4 cxd4 5.Nxd4 Bg7 6.Be3 Nf6 7.Bc4 d6 8.h3 Bd7
9.O-O O-O 10.Bb3 Rc8 11.f4 Qa5 12.Qd3 Nb4 13.Qd2 Na6 14.Nde2 Nc5 15.Ng3 Qc7
16.Rae1 b5 17.Bd4 Nxb3 18.cxb3 Bc6 19.b4 Qb7 20.f5 Rcd8 21.Kh1 Rd7 22.Re2 e5
23.fxe6 fxe6 24.Be3 Rff7 25.Rfe1 d5 26.e5 Ne4 27.Ncxe4 dxe4 28.Qc3 Rd3 29.Qc5 Bd5
30.Rc1 Bxe5 31.Bh6 Bg7 32.Bxg7 Kxg7 33.Nxe4 Qb8 34.Ng5 Qg3 35.Nxf7 Qxh3+
36.Kg1  1-0

[Event "ESP-chTa"]
[Site "Spain"]
[Date "1995.??.??"]
[Round "4"]
[White "Oms Pallise, Josep"]
[Black "Garcia Luque, Agustin"]
[Result "1/2-1/2"]
[WhiteElo "2340"]
[BlackElo "2360"]

1.e4 c5 2.Nc3 Nc6 3.Nge2 e5 4.Nd5 d6 5.Nec3 Nge7 6.Bc4 Nxd5 7.Nxd5 Be7 8.d3 O-O
9.O-O Kh8 10.f4 f5 11.Be3 Be6 12.c3 fxe4 13.dxe4 exf4 14.Bxf4 Bg5 15.Bg3 Rxf1+
16.Bxf1 Qd7 17.Qh5 Bh6 18.h3 Bf7 19.Qf3 Bg6 20.Bc4 Bg5 21.Rf1 h6 22.h4 Be7
23.h5 Bh7 24.Nxe7 Qxe7 25.Qf7 Qxe4 26.Bd5 Qe3+ 27.Bf2 Qe7 28.Qxe7 Nxe7 29.Bxb7 Rb8
30.Ba6 Rxb2 31.Bh4 Nf5 32.Bc4 g5 33.hxg6 Nxh4 34.Rf8+ Kg7 35.gxh7 Kxh7 36.Bd5 Kg7
37.Rf7+ Kg6 38.Rxa7 Kf6 39.a4 Ke5 40.c4 Nf5 41.a5 Ne3 42.Re7+ Kd4 43.Bb7 Ra2
44.a6 Nxc4 45.Re4+ Kc3 46.Re6 h5 47.Kh2 Ra1 48.Kg3 Na5 49.Bd5 Nc4  1/2-1/2

[Event "Chigorin mem"]
[Site "St Petersburg"]
[Date "1995.??.??"]
[Round "3"]
[White "Tkacheva, Lyuba"]
[Black "Karasev, Vladimir I"]
[Result "1/2-1/2"]
[WhiteElo "2050"]
[BlackElo "2385"]

1.e4 c5 2.Nf3 Nc6 3.Nc3 e5 4.Bc4 d6 5.d3 Be7 6.h3 Nf6 7.O-O O-O 8.Be3 a6
9.a4 Be6 10.Nd2 d5 11.exd5 Nxd5 12.Bxd5 Bxd5 13.Nde4 f5 14.Nxd5 Qxd5 15.Nc3 Qd6
16.f4 Bf6 17.Qd2 Rad8 18.Qf2 exf4 19.Qxf4 Be5 20.Qc4+ Kh8 21.Qxc5 Qg6 22.Ne2 Qf6
23.Nf4 Bxb2 24.Rab1 Rfe8 25.Kh1 Rd7 26.Nh5 Qe5 27.Rxf5 Qxc5 28.Rxc5 Ba3 29.Rc4 Rxe3
30.Rxc6 Re8 31.Rcb6 Bc5 32.R6b3 b6 33.Ng3 Rd4 34.c4 h5 35.Ne4 Rdxe4 36.dxe4 Rxe4
37.Rc3 a5 38.Rf1 Kh7 39.Rc2 Kh6 40.Rd1 g6 41.Kh2 h4 42.Rcc1 Re2 43.Re1 Ra2  1/2-1/2

[Event "Furman mem"]
[Site "St Petersburg"]
[Date "1995.??.??"]
[Round "9"]
[White "Gurgenidze, Bukhuti"]
[Black "Vladimirov, Boris T"]
[Result "1/2-1/2"]
[WhiteElo "2375"]
[BlackElo "2405"]

1.e4 c5 2.Nc3 Nc6 3.Bb5 g6 4.Bxc6 dxc6 5.d3 Bg7 6.Nge2 Nf6 7.Be3 b6 8.f3 O-O
9.Qd2 h5 10.Bh6 Kh7 11.Bxg7 Kxg7 12.h4 Qc7 13.Nd1 Qe5 14.Qc3 Qxc3+ 15.Nexc3 e5
16.Ne3 Be6 17.Ncd1 Nd7 18.Nf2 f5 19.Nh3 f4 20.Ng5 Rfe8 21.Nc4 Bxc4 22.dxc4 Nf8
23.Ke2 Rad8 24.Rhd1 Kf6 25.a4 a5 26.Rxd8 Rxd8 27.Ra3 Rd6 28.Rb3 Nd7  1/2-1/2

[Event "St Petersburg op"]
[Site "St Petersburg"]
[Date "1995.??.??"]
[Round "9"]
[White "Brodsky, Michail"]
[Black "Vaulin, Alexander"]
[Result "1/2-1/2"]
[WhiteElo "2535"]
[BlackElo "2510"]

1.e4 c5 2.Nc3 Nc6 3.Nge2 Nd4 4.Nd5 e6 5.Ne3 Ne7 6.c3 Nxe2 7.Bxe2 d5 8.exd5 Nxd5
9.O-O Nxe3 10.dxe3 Qxd1 11.Rxd1 Bd7 12.e4 Be7 13.Be3  1/2-1/2

[Event "SVK-chT"]
[Site "?"]
[Date "1995.??.??"]
[Round "?"]
[White "Hausner, Ivan"]
[Black "Manik, Mikulas"]
[Result "1/2-1/2"]
[WhiteElo "2480"]
[BlackElo "2345"]

1.e4 c5 2.Nc3 Nc6 3.Nge2 Nf6 4.d4 cxd4 5.Nxd4 e5 6.Ndb5 d6 7.Bg5 a6 8.Na3 b5
9.Nd5 Be7 10.Bxf6 Bxf6 11.c3 O-O 12.Nc2 Bb7 13.a4 bxa4 14.Rxa4 Nb8 15.Nce3 Nd7
16.b4 a5 17.Bd3 Bg5 18.O-O Bxe3 19.Nxe3 axb4 20.cxb4 Nf6 21.b5 d5 22.Rxa8 Bxa8
23.exd5 Nxd5 24.Bc4 Nb6 25.Qxd8 Rxd8 26.Ra1 Kf8 27.Bf1 Bb7 28.g3 Ra8 29.Rd1 Ke7
30.Nf5+ Kf6 31.Rd6+ Kxf5 32.Rxb6 Bf3 33.Ra6 Rd8 34.Ra3 e4 35.Ra1 Ke5 36.Rb1 Rd1
37.Rxd1 Bxd1 38.b6 Kd6 39.Bc4 Kc6  1/2-1/2

[Event "SVK-chT"]
[Site "?"]
[Date "1995.??.??"]
[Round "?"]
[White "Brestak, Jan"]
[Black "Salai, Ladislav"]
[Result "0-1"]
[WhiteElo "2225"]
[BlackElo "2425"]

1.e4 c5 2.Nf3 Nc6 3.Nc3 e6 4.Bb5 Nge7 5.e5 Qc7 6.Qe2 a6 7.O-O Nd4 8.Nxd4 cxd4
9.Ne4 Ng6 10.Ba4 Qxe5 11.f4 Nxf4 12.Qf3 f5 13.Qxf4 Qxe4 14.Qc7 b5 15.Bb3 Bb7
16.Rf2 Rc8 17.Qg3 d3  0-1

[Event "BCF-ch"]
[Site "Swansea"]
[Date "1995.??.??"]
[Round "6"]
[White "Mason, Donald"]
[Black "Howell, James C"]
[Result "0-1"]
[WhiteElo "2295"]
[BlackElo "2525"]

1.e4 c5 2.Nc3 Nc6 3.Nf3 d6 4.d4 cxd4 5.Nxd4 e6 6.Be3 Nf6 7.Bc4 a6 8.Qe2 Qc7
9.Bb3 Be7 10.O-O-O Na5 11.g4 b5 12.g5 Nxb3+ 13.axb3 Nd7 14.Qh5 g6 15.Qh6 Bf8
16.Qh4 b4 17.Na4 Bg7 18.Qg3 Bb7 19.f3 O-O 20.Rd2 Be5 21.Qg4 Nc5 22.Kb1 Bc8
23.Ne2 Bd7 24.Nxc5 dxc5 25.h4 Rfd8 26.h5 Bb5 27.Rxd8+ Rxd8 28.Nc1 Bg7 29.f4 Bc6
30.hxg6 hxg6 31.Re1 Bxe4 32.Bxc5 Bxc2+ 33.Kxc2 Qxc5+ 34.Kb1 Rd2  0-1

[Event "BCF-ch"]
[Site "Swansea"]
[Date "1995.??.??"]
[Round "10"]
[White "Hunt, Harriet"]
[Black "Coleman, David"]
[Result "1-0"]
[WhiteElo "2385"]
[BlackElo "2255"]

1.e4 c5 2.Nc3 Nc6 3.Nge2 Nf6 4.d4 cxd4 5.Nxd4 e5 6.Ndb5 d6 7.Bg5 a6 8.Na3 b5
9.Nd5 Be7 10.Bxf6 Bxf6 11.c3 O-O 12.Nc2 Bg5 13.g3 Rb8 14.Bg2 a5 15.O-O Ne7
16.f4 exf4 17.gxf4 Nxd5 18.Qxd5 Bf6 19.a3 Qb6+ 20.Kh1 Bb7 21.Qd2 Rfe8 22.Rfe1 Rbd8
23.Rad1 g6 24.Bf3 Rd7 25.Re3 Qa7 26.Nd4 Bxd4 27.cxd4 f5 28.exf5 Rde7 29.Rd3 Re2
30.Qc3 Bxf3+ 31.Rxf3 Qe7 32.fxg6 Qh4 33.gxh7+ Qxh7 34.Rg1+ Kf7 35.h3 Rc2
36.Qb3+ Kf8 37.Qd5 Ree2 38.Qxd6+ Kf7 39.f5 Rh2+ 40.Qxh2 Rxh2+  1-0

[Event "SWZ-chT"]
[Site "SWZ"]
[Date "1995.??.??"]
[Round "1"]
[White "Franzoni, Giancarlo"]
[Black "Forster, Richard"]
[Result "1/2-1/2"]
[WhiteElo "2445"]
[BlackElo "2370"]

1.e4 c5 2.Nc3 Nc6 3.Nf3 g6 4.d4 cxd4 5.Nxd4 Bg7 6.Nb3 Nf6 7.Be2 O-O 8.O-O d6
9.Bg5 a6 10.a4 Be6 11.Kh1 Na5 12.Nxa5 Qxa5  1/2-1/2

[Event "SWZ-ch"]
[Site "SWZ"]
[Date "1995.??.??"]
[Round "6"]
[White "Ekstroem, Roland"]
[Black "Nemet, Ivan"]
[Result "1/2-1/2"]
[WhiteElo "2435"]
[BlackElo "2395"]

1.e4 c5 2.Nc3 Nc6 3.Nge2 g6 4.d4 cxd4 5.Nxd4 Bg7 6.Be3 Nf6 7.Bc4 O-O 8.Bb3 d6
9.f3 Bd7 10.Qd2 Rc8 11.h4 Ne5 12.h5 Nxh5 13.g4 Nf6 14.Bh6 Bxh6 15.Rxh6 Qa5
16.O-O-O Rxc3 17.bxc3 Rc8 18.Kb2 Qc5 19.Rdh1 e6 20.Ne2 Bb5 21.Qf4 Ned7 22.g5 Bxe2
23.gxf6 Qxc3+ 24.Kb1 Nxf6 25.R6h3 Rc6 26.Qg5 Bxf3 27.e5 Qxe5 28.Qxe5 dxe5
29.Rxf3 Ne4 30.Re3 f5 31.Kb2 Kg7 32.Ree1 Nc5 33.Rxe5 Kf6 34.Re2  1/2-1/2

[Event "SWZ-chT"]
[Site "SWZ"]
[Date "1995.??.??"]
[Round "8"]
[White "Franzoni, Giancarlo"]
[Black "Gheorghiu, Florin"]
[Result "1/2-1/2"]
[WhiteElo "2445"]
[BlackElo "2475"]

1.e4 c5 2.Nc3 Nc6 3.Nge2 d6 4.d4 cxd4 5.Nxd4 Nf6 6.Nb3 e6 7.Bd3 a6 8.O-O b5
9.a3 Be7 10.f4 Bb7 11.Be3 O-O 12.Qf3  1/2-1/2

[Event "Szekszard op "]
[Site "Szekszard"]
[Date "1995.??.??"]
[Round "?"]
[White "Molnar, B."]
[Black "Rabovszky, Gyorgy"]
[Result "1-0"]
[WhiteElo "2340"]
[BlackElo "2115"]

1.e4 c5 2.Nf3 Nc6 3.Nc3 g6 4.d4 cxd4 5.Nxd4 Bg7 6.Be3 Nf6 7.Bc4 O-O 8.Bb3 b6
9.f3 Ba6 10.Qd2 Rc8 11.O-O-O Ne5 12.g4 Nc4 13.Bxc4 Bxc4 14.Bh6 d5 15.Bxg7 Kxg7
16.b3 e5 17.exd5 Bxd5 18.g5 exd4 19.gxf6+ Kg8 20.Qh6 Qxf6 21.Nxd5 Qd6 22.Rxd4  1-0

[Event "Tampere op"]
[Site "Tampere"]
[Date "1995.??.??"]
[Round "?"]
[White "Kiltti, Jyrki"]
[Black "Paldanius, Pekka"]
[Result "0-1"]
[WhiteElo "2225"]
[BlackElo "2275"]

1.Nc3 c5 2.Nf3 Nc6 3.e4 d6 4.d4 cxd4 5.Nxd4 e6 6.Be3 Nf6 7.f3 a6 8.Qd2 Qc7
9.g4 Nd7 10.h4 Nce5 11.Bf4 b5 12.g5 Nb6 13.b3 Bd7 14.Nd1 Be7 15.h5 Qc5 16.Be2 Qc7
17.c3 Rc8 18.Rc1 f6 19.Rg1 Nf7 20.g6 hxg6 21.hxg6 Ne5 22.Be3 d5 23.f4 Nc6
24.e5 fxe5 25.Nxc6 Bxc6 26.fxe5 Nd7 27.Bd4 Nxe5 28.Qe3 Bf6 29.Nf2 Bd7 30.Ng4 Nxg4
31.Bxg4 e5 32.Bxd7+ Kxd7 33.Bb6 Qc6 34.Ba5 d4 35.Rd1 Rh2 36.Kf1 Rch8 37.cxd4 exd4
38.Qg3 R8h3 39.Qg4+ Qe6 40.Rxd4+ Bxd4 41.Qxd4+ Qd6 42.Qxg7+ Kc6 43.Rg2 Qd1+
44.Be1 Rh1+ 45.Rg1 Rxg1+ 46.Kxg1 Qxe1+ 47.Kg2 Rg3+ 48.Kh2 Qg1+  0-1

[Event "JUG-chT (Women)"]
[Site "Tivat"]
[Date "1995.??.??"]
[Round "2"]
[White "Spajic, Lidija"]
[Black "Maksimovic, Suzana"]
[Result "0-1"]
[WhiteElo "2015"]
[BlackElo "2190"]

1.e4 c5 2.Ne2 Nc6 3.Nbc3 e6 4.g3 g6 5.Bg2 Bg7 6.d3 Nge7 7.O-O O-O 8.f4 d6
9.Be3 Nd4 10.Qd2 Rb8 11.Nd1 b5 12.c3 Nxe2+ 13.Qxe2 f5 14.Nf2 b4 15.Qd2 Qa5
16.Rfc1 Rd8 17.Qc2 Bd7 18.Nd1 bxc3 19.Nxc3 Nc6 20.exf5 gxf5 21.h3 Qa6 22.Qd2 Rb4
23.Rab1 Nd4 24.b3 Bc6 25.Bxd4 Bxd4+ 26.Kh2 Kh8 27.Bxc6 Qxc6 28.Ne2 Qd5 29.Rc4 Bf6
30.Qe3 e5 31.Rf1 Re8 32.Nc3 Qc6 33.Re1 Re7 34.Qf2 e4 35.Qd2 d5 36.Rxb4 cxb4
37.Ne2 Bc3 38.Nxc3 bxc3 39.Qe3 c2 40.Rc1 Qc3 41.Qf2 exd3  0-1

[Event "Tivat op"]
[Site "Tivat"]
[Date "1995.??.??"]
[Round "3"]
[White "Perunovic, Miodrag"]
[Black "Sveshnikov, Evgeny"]
[Result "0-1"]
[WhiteElo "2165"]
[BlackElo "2560"]

1.e4 c5 2.Nf3 Nc6 3.Nc3 e5 4.Bc4 Be7 5.d3 d6 6.Nd2 Nf6 7.Nf1 Bg4 8.f3 Be6
9.Ne3 O-O 10.O-O Ne8 11.Ncd5 Bg5 12.a3 Nc7 13.Nxc7 Bxe3+ 14.Bxe3 Qxc7 15.f4 exf4
16.Bxf4 a6 17.Qh5 Bxc4 18.dxc4 Rae8 19.Rf3 f5 20.exf5 Nd4 21.Rf2 Qd7 22.Raf1 Rxf5
23.Qg4 Qe6 24.Bh6 Qg6 25.Qxg6 hxg6 26.Rxf5 gxf5 27.Bg5 Re2 28.Rf2 Re1+ 29.Rf1 Nxc2
30.Rxe1 Nxe1 31.Be7 Nd3 32.b3 Nc1 33.b4 cxb4 34.axb4 Nd3 35.Bxd6 Kf7 36.Kf1 Ke6
37.Bf8 g6 38.Ke2 Ne5 39.Ke3 Nxc4+ 40.Kf4 Kf6 41.h4 Nb6 42.g4 Nd5+ 43.Kf3 b6
44.Bd6 Ke6 45.Bf8 Kf7 46.Bd6 Kf6 47.Bf8 Ke6 48.Kg3 Ne3 49.gxf5+ Nxf5+ 50.Kg4 Kf7
51.b5 a5 52.Ba3 Ne3+ 53.Kf4 Nc4  0-1

[Event "Tivat op"]
[Site "Tivat"]
[Date "1995.??.??"]
[Round "3"]
[White "Certic, Branimir"]
[Black "Kovacevic, Aleksandar"]
[Result "0-1"]
[WhiteElo "2435"]
[BlackElo "2425"]

1.e4 c5 2.Nc3 Nc6 3.Bb5 Nd4 4.Bc4 d6 5.d3 g6 6.Nge2 Bg7 7.O-O e6 8.Nxd4 cxd4
9.Ne2 Ne7 10.Bg5 h6 11.Bh4 g5 12.Bg3 e5 13.c3 h5 14.f3 dxc3 15.Nxc3 O-O 16.Qb3 Nc6
17.Bf2 Rb8 18.a4 Nd4 19.Qa2 a5 20.Rac1 Bd7 21.Be3 Bc6 22.Rf2 Qe7 23.Bxd4 exd4
24.Ne2 h4 25.f4 g4 26.Rcf1 Qf6 27.Qb3 Rbc8 28.g3 h3 29.Rc1 Rfd8 30.Rff1 Qe7
31.Bd5 Bxd5 32.Qxd5 Rc5 33.Rxc5 dxc5 34.Qc4 b6 35.f5 Bh6 36.f6 Be3+ 37.Kh1 Qe6
38.Qxe6 fxe6 39.b3 Kf7 40.Nf4 Rh8  0-1

[Event "JUG-chT"]
[Site "Tivat"]
[Date "1995.??.??"]
[Round "3"]
[White "Damjanovic, Vladimir"]
[Black "Zakic, Srdjan"]
[Result "0-1"]
[WhiteElo "2435"]
[BlackElo "2345"]

1.e4 c5 2.Nf3 Nc6 3.Nc3 Nf6 4.d4 cxd4 5.Nxd4 e5 6.Ndb5 d6 7.Bg5 a6 8.Na3 b5
9.Nd5 Be7 10.Bxf6 Bxf6 11.c3 Bb7 12.Nc2 Ne7 13.Nce3 Nxd5 14.Nxd5 O-O 15.a3 b4
16.cxb4 Bxd5 17.Qxd5 Qb6 18.b5 axb5 19.Bxb5 Qa5+ 20.Kf1 Rac8 21.Bc4 Rc5 22.Qd3 Rfc8
23.Bb3 d5 24.g3 dxe4 25.Qxe4 Qb6 26.Bd1 Rc4 27.Qe2 Qb7 28.Rg1 Qd5 29.f3 e4
30.Kg2 Rc2 31.Qxc2 exf3+ 32.Kf1 Rxc2 33.Bxc2 Qc4+ 34.Kf2 Qxc2+  0-1

[Event "JUG-chT"]
[Site "Tivat"]
[Date "1995.??.??"]
[Round "5"]
[White "Certic, Branimir"]
[Black "Petrovic, Vojislav"]
[Result "1-0"]
[WhiteElo "2450"]
[BlackElo "2305"]

1.e4 c5 2.Nc3 Nc6 3.Bb5 g6 4.Bxc6 dxc6 5.d3 Bg7 6.Be3 Qa5 7.Qd2 Nf6 8.Nge2 Ng4
9.Bf4 e5 10.Bg3 f6 11.f4 O-O 12.O-O Bd7 13.h3 exf4 14.Bxf4 Ne5 15.Bh6 Rae8
16.Rf2 Qc7 17.Bxg7 Kxg7 18.b3 Qd6 19.Nf4 Bc8 20.Raf1 Rd8 21.Qc1 b6 22.Nce2 Rf7
23.Kh1 h5 24.Ng1 Rh8 25.g3 a5 26.Ng2 Be6 27.Nh4 a4 28.Kg2 Ra8 29.Ngf3 axb3
30.axb3 b5 31.Nxe5 Qxe5 32.Nf3 Qc3 33.Qf4 Rd8 34.g4 hxg4 35.hxg4 Rh8 36.Kg3 c4
37.bxc4 bxc4 38.Qd6 Bd7 39.Ng5 cxd3 40.cxd3  1-0

[Event "JUG-chT (Women)"]
[Site "Tivat"]
[Date "1995.??.??"]
[Round "6"]
[White "Spajic, Lidija"]
[Black "Dragasevic Georgieva, Antonina"]
[Result "0-1"]
[WhiteElo "2015"]
[BlackElo "2205"]

1.e4 c5 2.Ne2 Nc6 3.Nbc3 g6 4.g3 Bg7 5.Bg2 e6 6.d3 Nge7 7.O-O d6 8.f4 f5
9.Be3 Nd4 10.Bf2 Nec6 11.Qd2 Qa5 12.Rfd1 O-O 13.Nxd4 Nxd4 14.Be3 Rb8 15.Qc1 b5
16.Rd2 b4 17.Nd1 Bd7 18.c3 bxc3 19.bxc3 Nb5 20.e5 dxe5 21.Bxc5 Rfc8 22.Bb4 Qb6+
23.Kh1 a5 24.Ba3 exf4 25.Rb1 Qc7 26.d4 fxg3 27.Rdb2 Nxa3 28.Rxb8 Rxb8 29.Rxb8+ Qxb8
30.Qxa3 Qb1 31.Qb3 Qc1 32.Bf3 Qf4 33.Bg2 gxh2 34.Qc2 Bf8 35.Nf2 Bd6 36.Nd3 Qe3
37.Qd1 Ba4 38.Qe1 Qxe1+ 39.Nxe1 Bb5 40.Nf3 Bc4 41.a4 Bb3 42.Nd2 Bxa4 43.d5 exd5
44.Bxd5+ Kg7  0-1

[Event "JUG-chT"]
[Site "Tivat"]
[Date "1995.??.??"]
[Round "9"]
[White "Certic, Branimir"]
[Black "Markovic, Miroslav"]
[Result "1/2-1/2"]
[WhiteElo "2450"]
[BlackElo "2470"]

1.e4 c5 2.Nc3 Nc6 3.Bb5 g6 4.Bxc6 bxc6 5.d3 Bg7 6.Bd2 d5 7.Nge2 Nf6 8.b3 c4
9.bxc4 dxe4 10.dxe4 Ba6 11.Qc1 Bxc4 12.Bh6 O-O 13.Bxg7 Kxg7 14.Qf4 e5 15.Qxe5 Re8
16.Qc5 Bxe2 17.Kxe2 Nxe4 18.Nxe4 Rxe4+ 19.Kf3 Qd4 20.Qxd4+ Rxd4 21.Rhe1 Rc4
22.Rac1 Ra4 23.Re7 Ra3+ 24.c3 Rxa2 25.Rd1 Ra5 26.g4 h5 27.h3 hxg4+ 28.hxg4 Rd5
29.Rb1 Rd6 30.Rbb7 Rf6+ 31.Kg3 Rd8 32.Red7 Re8 33.Re7 Rxe7 34.Rxe7 Rd6 35.Rxa7 Rd3+
36.Kf4 Rxc3 37.g5 c5 38.Rc7 Rc1 39.Ke3 Rc2 40.f4 Rc4 41.Rc8 f5 42.Rc7+ Kf8
43.Rc6 Kf7 44.Rc7+ Ke6 45.Rc6+ Kd5 46.Rxg6 Rc3+ 47.Kd2 Rg3 48.Rf6 Ke4 49.Rc6 Rg2+
50.Ke1 Kd4 51.g6 c4 52.Kf1 Rg4 53.Ke2 Rxf4 54.g7 Rg4 55.Rc7 Rg3 56.Kf2 f4
57.Rd7+ Kc3 58.Rc7 Kd3 59.Rd7+ Kc2 60.Rc7 c3 61.Rd7 Kb2 62.Rb7+ Kc1 63.Rc7 Kc2
64.Rd7 Kb3 65.Rb7+ Kc4 66.Rc7+ Kd4 67.Rd7+ Ke4 68.Rc7 Kd3 69.Rd7+ Kc2 70.Rc7 Kd2
71.Rd7+ Kc1 72.Rc7 c2 73.Rd7 Kb2 74.Rb7+ Kc3 75.Rc7+ Kd3 76.Rd7+ Ke4 77.Rc7 Kd3
78.Rd7+ Kc3 79.Rc7+ Kd2 80.Rd7+ Kc1 81.Rc7 Kd2 82.Rd7+ Kc3 83.Rc7+  1/2-1/2

[Event "Toronto ch"]
[Site "Toronto"]
[Date "1995.??.??"]
[Round "5"]
[White "Walker, Ben"]
[Black "Livshits, Ron"]
[Result "0-1"]
[WhiteElo "2250"]
[BlackElo "2365"]

1.e4 c5 2.Nc3 Nc6 3.Nge2 d6 4.d4 cxd4 5.Nxd4 e6 6.Be3 Nf6 7.Bc4 a6 8.Qe2 Qc7
9.O-O-O Be7 10.Bb3 Na5 11.Kb1 b5 12.f3 O-O 13.g4 Nxb3 14.cxb3 Bb7 15.g5 Nd7
16.h4 b4 17.Na4 d5 18.exd5 Bxd5 19.Nf5 Rfe8 20.Rxd5 exd5 21.Qd3 Bf8 22.f4 Rac8
23.h5 Rxe3 24.Nxe3 Qxf4 25.Nxd5 Qxg5 26.Rf1 Qxh5 27.Ne7+ Bxe7 28.Qxd7 Qg6+  0-1

[Event "Toronto op"]
[Site "Toronto"]
[Date "1995.??.??"]
[Round "5"]
[White "Shibut, Macon"]
[Black "Taylor, Gordon"]
[Result "0-1"]
[WhiteElo "2275"]
[BlackElo "2320"]

1.e4 c5 2.Nc3 Nc6 3.Nf3 g6 4.d4 cxd4 5.Nxd4 Bg7 6.Nde2 Nf6 7.g3 Rb8 8.Bg2 b5
9.O-O O-O 10.h3 d6 11.a3 a5 12.Be3 b4 13.axb4 axb4 14.Nd5 Bd7 15.Re1 Nxd5
16.exd5 Ne5 17.Bd4 Bb5 18.f4 Bxe2 19.Rxe2 Nd7 20.Bxg7 Kxg7 21.Qd4+ Kg8 22.h4 Re8
23.Rae1 Rb7 24.c3 bxc3 25.bxc3 Nc5 26.h5 Nb3 27.Qe3 Qa5 28.hxg6 hxg6 29.f5 Qc5
30.fxg6 fxg6 31.Bh3 Kg7 32.Be6 Rf8 33.Bh3 Rf3 34.Qxc5 Nxc5 35.Kg2 Rxc3 36.Rxe7+ Rxe7
37.Rxe7+ Kf6 38.Re2 Rd3 39.Be6 Kg5 40.Kh3 Rd1 41.Bg8 Rh1+ 42.Kg2 Rh8 43.Be6 Re8
44.Kh3 Nxe6 45.dxe6 Kf6 46.Kg4 Rxe6 47.Rf2+ Ke7 48.Kg5 d5 49.Rd2 Rd6 50.g4 d4
51.Kf4 d3 52.Kg5 Kf7 53.Kh6 Kf6 54.g5+ Kf5 55.Rf2+ Ke4 56.Rf6 Ke5 57.Rf1 d2
58.Rd1 Kf5 59.Rf1+ Ke4 60.Rh1 d1=Q 61.Rxd1 Rxd1 62.Kxg6 Kf4 63.Kf6 Rd6+  0-1

[Event "Toronto ch"]
[Site "Toronto"]
[Date "1995.??.??"]
[Round "8"]
[White "Crisan, Ioan"]
[Black "Livshits, Ron"]
[Result "0-1"]
[WhiteElo "2235"]
[BlackElo "2365"]

1.e4 c5 2.Nc3 Nc6 3.Nf3 d6 4.d4 cxd4 5.Nxd4 Nf6 6.Bc4 Qb6 7.Nde2 e6 8.O-O a6
9.Bb3 Be7 10.Be3 Qc7 11.Ng3 b5 12.f4 O-O 13.f5 Kh8 14.Nh5 Ne5 15.Bd4 Bd7
16.fxe6 fxe6 17.Bxe5 dxe5 18.Nxf6 gxf6 19.a4 b4 20.Ne2 f5 21.exf5 exf5 22.Ng3 Bc5+
23.Kh1 Bd4 24.c3 bxc3 25.Rc1 Bc6 26.bxc3 Be3 27.Rb1 f4 28.Qe2 Rad8 29.Rbd1 Rxd1
30.Bxd1 Rd8 31.Nh5 Rg8 32.Rf3 Bxf3 33.Qxf3 Qxc3 34.g3 Rd8 35.Qg4 e4 36.Kg2 f3+
37.Kh3 Qc8  0-1

[Event "FRA-chB"]
[Site "Toulouse"]
[Date "1995.??.??"]
[Round "6"]
[White "Tirard, Hugo"]
[Black "Parmentier, Xavier"]
[Result "1-0"]
[WhiteElo "2345"]
[BlackElo "2260"]

1.e4 c5 2.Nc3 Nc6 3.Nf3 g6 4.d4 cxd4 5.Nxd4 Bg7 6.Be3 Nf6 7.Bc4 O-O 8.Bb3 a5
9.f3 d5 10.exd5 Nb4 11.Nde2 a4 12.Nxa4 Nfxd5 13.Bd2 b5 14.Nac3 Bf5 15.a3 Nxc3
16.Bxc3 Bxc3+ 17.Nxc3 Qa5 18.O-O Nc6 19.Qe2 b4 20.axb4 Qxb4 21.Qb5 Rxa1 22.Rxa1 Qd6
23.Rd1 Nd4 24.Qd5 Nxb3 25.Qxd6 exd6 26.cxb3 Rd8 27.b4 Kf8 28.Kf2 Ke7 29.Nd5+ Kd7
30.g4 Be6 31.Nc3 Kc6 32.Ke3 Rb8 33.Rd4 d5 34.g5 h6 35.gxh6 g5 36.b5+ Kc5
37.b4+ Kb6 38.Nxd5+ Kxb5 39.Nc7+ Kc6 40.Nxe6 fxe6 41.h4  1-0

[Event "FRA-ch"]
[Site "Toulouse"]
[Date "1995.??.??"]
[Round "15"]
[White "Lepelletier, Benoit"]
[Black "Santo Roman, Marc"]
[Result "1-0"]
[WhiteElo "2445"]
[BlackElo "2485"]

1.e4 c5 2.Nf3 Nc6 3.Nc3 e5 4.Bc4 d6 5.d3 Be7 6.Nd5 h6 7.O-O Nf6 8.c3 O-O
9.Nxe7+ Qxe7 10.Nh4 Kh7 11.Qf3 g6 12.Bb3 Nh5 13.Qe3 Nf4 14.g3 Bh3 15.Re1 Qg5
16.Kh1 Ne6 17.Qxg5 hxg5 18.Nf3 g4 19.Ng1 Rae8 20.f4 f5 21.exf5 gxf5 22.Bd2 Ng7
23.Re2 exf4 24.Bxf4 Rxe2 25.Nxe2 Re8 26.Re1 Ne5 27.Nc1 Kg6 28.Re3 Kf6 29.Bd5 b6
30.Kg1 Re7 31.Kf2  1-0

[Event "SVK-ch"]
[Site "Trencin"]
[Date "1995.??.??"]
[Round "3"]
[White "Maros, Milan"]
[Black "Manik, Mikulas"]
[Result "0-1"]
[WhiteElo "2225"]
[BlackElo "2380"]

1.e4 c5 2.Nc3 Nc6 3.Nf3 Nf6 4.Bb5 d6 5.e5 Nd7 6.exd6 e5 7.Qe2 Bxd6 8.O-O O-O
9.Bxc6 bxc6 10.d3 f5 11.Ng5 Qf6 12.f4 h6 13.Nh3 Ba6 14.fxe5 Bxe5 15.Qh5 Bxc3
16.bxc3 Qxc3 17.Bxh6 gxh6 18.Qg6+ Qg7 19.Qxc6 Nb6 20.Qxc5 Rac8 21.Qf2 f4
22.c4 Rcd8 23.Rad1 f3 24.Rfe1 Bc8 25.Kh1 fxg2+  0-1

[Event "American op"]
[Site "USA"]
[Date "1995.??.??"]
[Round "7"]
[White "Balinas, Rosendo Carrean"]
[Black "Gufeld, Eduard"]
[Result "0-1"]
[WhiteElo "2340"]
[BlackElo "2435"]

1.e4 c5 2.Ne2 Nc6 3.Nbc3 g6 4.Nd5 Bg7 5.c3 e6 6.Ndf4 Nf6 7.Qc2 d5 8.Ng3 dxe4
9.Nxe4 Nxe4 10.Qxe4 O-O 11.Bc4 Na5 12.d3 Bd7 13.Qe3 b5 14.Bb3 e5 15.Ne2 Bf5
16.Qxc5 Nxb3 17.axb3 Qxd3 18.Qe3 Qd5 19.O-O a5 20.c4 bxc4 21.bxc4 Qxc4 22.Bd2 a4
23.Ng3 Bd3 24.Rfc1 Qd4 25.Qxd4 exd4 26.Rc5 Rfb8 27.Bc1 h5 28.Nf1 Bxf1 29.Kxf1 d3
30.Ra2 Rb4 31.Rd5 Rc8 32.Be3 Rxb2 33.Rxb2 Bxb2 34.Ra5 a3 35.g3 Rc2 36.Ra4 Kf8
37.h4 Ke7 38.Ra7+ Ke6 39.Ra6+ Kd5 40.Ra5+ Kc4 41.Ra7  0-1